ALL Montana Cities - Statistics

General Stats
  • This quiz has been taken 29 times
  • The average score is 42 of 128
Answer Stats
County Municipality % Correct
B Yellowstone Billings
100%
M Missoula Missoula
100%
B Gallatin Bozeman
91%
A Deer Lodge Anaconda
86%
G Cascade Great Falls
86%
H Lewis and Clark Helena‡
86%
B Gallatin Belgrade
77%
H Hill Havre
77%
M Custer Miles City
77%
K Flathead Kalispell
73%
W Flathead Whitefish
73%
B Silver Bow Butte
68%
L Lincoln Libby
68%
L Park Livingston
68%
D Powell Deer Lodge
64%
R Carbon Red Lodge
64%
G Dawson Glendive
59%
B Glacier Browning
55%
G Valley Glasgow
55%
L Yellowstone Laurel
55%
W Gallatin West Yellowstone
55%
H Big Horn Hardin
50%
S Richland Sidney
50%
C Cascade Cascade
45%
C Flathead Columbia Falls
45%
E Lincoln Eureka
45%
P Lake Polson
45%
R Lake Ronan
45%
C Glacier Cut Bank
41%
E Lewis and Clark East Helena
41%
H Ravalli Hamilton
41%
L Fergus Lewistown
41%
T Gallatin Three Forks
41%
W Wibaux Wibaux
41%
W Roosevelt Wolf Point
41%
C Blaine Chinook
36%
C Teton Choteau
36%
C McCone Circle
36%
C Stillwater Columbus
36%
D Beaverhead Dillon
36%
E Madison Ennis
36%
M Phillips Malta
36%
S Toole Shelby
36%
T Broadwater Townsend
36%
T Lincoln Troy
36%
B Cascade Belt
32%
B Sweet Grass Big Timber
32%
F Chouteau Fort Benton
32%
J Carbon Joliet
32%
M Gallatin Manhattan
32%
S Madison Sheridan
32%
S Ravalli Stevensville
32%
S Toole Sunburst
32%
T Sanders Thompson Falls
32%
W Jefferson Whitehall
32%
B Chouteau Big Sandy
27%
B Jefferson Boulder
27%
B Powder River Broadus
27%
C Rosebud Colstrip
27%
C Pondera Conrad
27%
C Roosevelt Culbertson
27%
D Ravalli Darby
27%
F Teton Fairfield
27%
F Rosebud Forsyth
27%
P Sanders Plains
27%
R Musselshell Roundup
27%
W Meagher White Sulphur Springs
27%
B Fallon Baker
23%
D Granite Drummond
23%
F Richland Fairview
23%
H Blaine Harlem
23%
H Wheatland Harlowton
23%
J Garfield Jordan
23%
J Wheatland Judith Gap
23%
L Beaverhead Lima
23%
M Sheridan Medicine Lake
23%
P Sheridan Plentywood
23%
S Daniels Scobey
23%
T Prairie Terry
23%
V Madison Virginia City
23%
W Silver Bow Walkerville
23%
A Mineral Alberton
18%
B Roosevelt Bainville
18%
C Park Clyde Park
18%
D Fergus Denton
18%
D Teton Dutton
18%
E Carter Ekalaka
18%
F Valley Fort Peck
18%
F Roosevelt Froid
18%
G Chouteau Geraldine
18%
H Treasure Hysham
18%
I Custer Ismay
18%
K Toole Kevin
18%
L Big Horn Lodge Grass
18%
M Fergus Moore
18%
N Valley Nashua
18%
N Cascade Neihart
18%
P Granite Philipsburg
18%
R Dawson Richey
18%
S Lake St. Ignatius
18%
T Madison Twin Bridges
18%
W Petroleum Winnett
18%
B Carbon Bridger
14%
C Liberty Chester
14%
F Carbon Fromberg
14%
H Judith Basin Hobson
14%
H Sanders Hot Springs
14%
L Golden Valley Lavina
14%
M Musselshell Melstone
14%
O Valley Opheim
14%
O Sheridan Outlook
14%
P Ravalli Pinesdale
14%
P Fallon Plevna
14%
P Roosevelt Poplar
14%
R Lincoln Rexford
14%
R Golden Valley Ryegate
14%
S Phillips Saco
14%
S Judith Basin Stanford
14%
S Mineral Superior
14%
V Pondera Valier
14%
W Sheridan Westby
14%
B Carbon Bearcreek
9%
B Yellowstone Broadview
9%
D Phillips Dodson
9%
F Daniels Flaxville
9%
G Fergus Grass Range
9%
H Hill Hingham
9%
W Fergus Winifred
9%
No matching quizzes found
Score Distribution
Percent of People with Each Score
Percentile by Number Answered
Your Score History
You have not taken this quiz